A karriermenedzsment megjelenése a multinacionális vállalatok működésében a Vodafone Shared Service Budapest megfigyelésében

Bibliographic Details
Main Author: Sorok Alexandra
Other Authors: Németh Dr. Tamás
Format: Thesis
Kulcsszavak:Karriermenedzsment
Service center
Talent program
Online Access:http://dolgozattar.uni-bge.hu/11602

MARC

LEADER 00000nta a2200000 i 4500
001 dolg11602
005 20170517114424.0
008 170517suuuu hu om 000 hun d
040 |a BGE Dolgozattár Repozitórium  |b hun 
041 |a hu 
100 1 |a Sorok Alexandra 
245 1 2 |a A karriermenedzsment megjelenése a multinacionális vállalatok működésében a Vodafone Shared Service Budapest megfigyelésében  |c Sorok Alexandra  |h [elektronikus dokumentum] 
695 |a Karriermenedzsment 
695 |a Service center 
695 |a Talent program 
700 1 |a Németh Dr. Tamás  |e ths 
856 4 0 |u http://dolgozattar.uni-bge.hu/11602/1/Sorok%20Alexandra%20Szakdolgozat%202017%20Karriermenedzsment.pdf  |z Dokumentum-elérés 
856 4 0 |u http://dolgozattar.uni-bge.hu/11602/2/Sorok%20Alexandra%20titkos%C3%ADt%C3%A1si%20k%C3%A9relem.pdf  |z Dokumentum-elérés